| 000 | 00325nam a2200121Ia 4500 | ||
|---|---|---|---|
| 008 | 230907s9999||||xx |||||||||||||| ||und|| | ||
| 082 |
_a532.0527 _bTEN |
||
| 100 |
_aTennekes, H. _9115392 |
||
| 245 | 2 | _aA first course in turbulence / | |
| 260 |
_aThe MIT Press, _bMassachusetts : _c1972 |
||
| 300 | _axii, 300 p. | ||
| 942 | _cBK | ||
| 999 |
_c598311 _d598311 |
||